[Event "Mauritius Masters"]
[Site "Mauritius"]
[Date "2017.03.25"]
[Round "4"]
[White "Chan, Christophe"]
[Black "Backory, Sanju"]
[Result "1-0"]
[WhiteElo "1618"]
[BlackElo "1820"]
[PlyCount "93"]
[EventDate "2017.03.18"]
[EventType "tourn"]
[EventRounds "9"]
[EventCountry "MRI"]
[SourceTitle "CBM 177 Extra"]
[Source "ChessBase"]
[SourceDate "2017.04.27"]
[SourceVersion "1"]
[SourceVersionDate "2017.04.27"]
[SourceQuality "1"]

1. e3 e6 2. a3 d5 3. d3 Nf6 4. Nd2 Bd7 5. b3 Be7 6. Bb2 c5 7. c4 Bc6 8. Qc2 d4 9. e4 e5 10. f3 Nh5 11. Ne2 Bg5 12. g3 Be3 13. Bg2 Nd7 14. Nf1 Bh6 15. Bc1 Qa5+ 16. Bd2 Bxd2+ 17. Nxd2 Qd8 18. 0-0 0-0 19. b4 b6 20. b5 Bb7 21. f4 Qe7 22. f5 Nhf6 23. h3 h6 24. g4 Nh7 25. Nf3 Rfd8 26. Qd2 Ndf6 27. Ng3 Rd6 28. h4 Nd7 29. g5 Kh8 30. a4 Rg8 31. Kh2 Qd8 32. Bh3 Qe8 33. Rf2 f6 34. gxh6 Qf7 35. Rg1 g6 36. fxg6 Rxg6 37. Nf5 Rxg1 38. Nxd6 Qe7 39. Nxg1 Qxd6 40. Bf5 Ndf8 41. Rg2 Ne6 42. Rg7 Nxg7 43. hxg7+ Kg8 44. Qh6 Nf8 45. gxf8Q+ Qxf8 46. Be6+ Qf7 47. Qg6+ 1-0

[Event "Mauritius Masters"]
[Site "Mauritius"]
[Date "2017.03.18"]
[Round "1"]
[White "Backory, Sanju"]
[Black "Naipal, Hoolan"]
[Result "0-1"]
[WhiteElo "1820"]
[BlackElo "2008"]
[PlyCount "60"]
[EventDate "2017.03.18"]
[EventType "tourn"]
[EventRounds "9"]
[EventCountry "MRI"]
[SourceTitle "CBM 177 Extra"]
[Source "ChessBase"]
[SourceDate "2017.04.27"]
[SourceVersion "1"]
[SourceVersionDate "2017.04.27"]
[SourceQuality "1"]

1. Nf3 Nf6 2. Nc3 d5 3. d4 e6 4. e3 c5 5. Be2 Nc6 6. b3 cxd4 7. exd4 Bb4 8. Bb2 Qa5 9. 0-0 Bxc3 10. Bxc3 Qxc3 11. Bd3 0-0 12. Re1 Nb4 13. Re3 Nxd3 14. Rxd3 Qc7 15. Ne5 Bd7 16. Rh3 Rac8 17. Rc1 Qd6 18. Qd3 Ne4 19. c3 f6 20. Nxd7 Qxd7 21. f3 Ng5 22. Rh4 Qd6 23. Re1 Rc7 24. c4 g6 25. c5 Qa6 26. Qc2 Qa5 27. Re3 b6 28. c6 Rfc8 29. Rc3 Rxc6 30. Rxc6 Qe1# 0-1